• 首页
  • 本馆介绍
  • 公告通知
  • 最新文献
  • 馆藏检索
  • 电子资源
  • 读者导购
  • 参考咨询
  • 我的图书馆
  • 登录
  • 详细信息显示
  • 放入我的书架
  • 预约/预借图书
  • 作者相关作品
  • 分类相关作品
  • 丛书相关作品
  • 出版社相关作品

书目信息

  • 表格格式
  • 工作单格式
  • 卡片格式
题名:
瓦尔登湖
    
 
作者: 梭罗 著 ;郭跃渊 译
分册:  
出版信息: 南京   江苏凤凰文艺出版社  2018
页数: 378页
开本: 21cm
丛书名: 名家经典散文丛书
单 册:
中图分类: I712.64
科图分类:
主题词: 散文集--san wen ji--美国--近代
电子资源:
ISBN: 978-7-5594-0680-4
000 00975nam 2200277 450
001 012001006001
005 20131015101031.0
010    @a978-7-5594-0680-4@dCNY43.80
099    @aCAL 012019007767
100    @a20180929d2018 em y0chiy50 ea
101 1  @achi@ceng
102    @aCN@b320000
105    @ay z 000cy
106    @ar
200 1  @a瓦尔登湖@Awa er deng hu@f(美) 梭罗著@g郭跃渊译
210    @a南京@c江苏凤凰文艺出版社@d2018
215    @a378页@d21cm
225 2  @a名家经典散文丛书@Aming jia jing dian san wen cong shu
330    @a本书是梭罗的散文作品选。包括:返朴归真、读书、声、孤寂、访客、种豆、村子、湖、贝克农庄、更高的法则、与兽为邻、温居、冬天的动物等。
410  0 @12001 @a名家经典散文丛书
606 0  @a散文集@Asan wen ji@y美国@z近代
690    @aI712.64@v5
701  1 @a梭罗@g(Thoreau, Henry David),@f1817-1862@Asuo luo@4著
702  0 @a郭跃渊@Aguo yue yuan@4译
801  0 @aCN@b上海新华@c20191020
905    @b1098397-400@dI712.64@e1186@f4
    
    瓦尔登湖/(美) 梭罗著/郭跃渊译.-南京:江苏凤凰文艺出版社,2018
    378页;21cm.-(名家经典散文丛书)
    
    
    ISBN 978-7-5594-0680-4:CNY43.80
    本书是梭罗的散文作品选。包括:返朴归真、读书、声、孤寂、访客、种豆、村子、湖、贝克农庄、更高的法则、与兽为邻、温居、冬天的动物等。
●
相关链接 在E读中查询图书 在五车中查询图书 在当当中查询图书 在豆瓣中查询图书


正题名:瓦尔登湖     索取号:I712.64/1186         预约/预借

序号 登录号 条形码 馆藏地/架位号 状态 备注
1 1098397   210983970   第一样本阅览室/ [索取号:I712.64/1186] 在馆    
2 1098398   210983989   第二借阅区/ [索取号:I712.64/1186] 在馆    
3 1098399   210983998   第二借阅区/ [索取号:I712.64/1186] 在馆    
4 1098400   210984005   第二借阅区/ [索取号:I712.64/1186] 在馆    
唐山师范学院图书馆 欢迎您!
大连网信软件有限公司© 版权所有